Top 20 Largest Cities in the World - Sudden Death - Statistics

General Stats
  • This quiz has been taken 208 times
  • The average score is 3 of 20
Answers on the Grid
Answers color-coded by a green-red scale on the quiz's grid according to % correct below.
Tokyo
Delhi
Shanghai
Dhaka
Sao Paulo
Cairo
Mexico City
Beijing
Mumbai
Osaka
Chongqing
Karachi
Kinshasa
Lagos
Istanbul
Buenos Aires
Kolkata
Manila
Guangzhou
Tianjin
Lahore
Bangalore
Rio De Janeiro
Shenzhen
Moscow
Chennai
Bogota
Jakarta
Lima
Paris
Bangkok
Hyderabad
Seoul
Nanjing
Chengdu
London
Luanda
Tehran
Ho Chi Minh City
Nagoya
Xi An
Ahmedabad
Wuhan
Kuala Lumpur
Hangzhou
Suzhou
Surat
Dar Es Salaam
New York City
Baghdad
 
Answer Stats
Answer % Correct
Tokyo
29%
Mexico City
24%
Beijing
18%
Lagos
18%
Mumbai
17%
Shanghai
17%
Delhi
16%
Cairo
14%
Istanbul
13%
Guangzhou
12%
Kinshasa
12%
Manila
12%
Sao Paulo
12%
Chongqing
8%
Dhaka
7%
Osaka
7%
Karachi
5%
Buenos Aires
4%
Kolkata
4%
Tianjin
1%
No matching quizzes found
Score Distribution
Percent of People with Each Score
Percentile by Number Answered
Your Score History
You have not taken this quiz